| 000 | 00635nam a2200193 i 4500 | ||
|---|---|---|---|
| 001 | 64321 | ||
| 003 | ES-MaACL | ||
| 005 | 20251010184853.0 | ||
| 007 | t| | ||
| 008 | 031223s1956 sp acf |||| |bspa d | ||
| 080 | _a929Merry del Val, Rafael, Cardenal | ||
| 100 | 1 |
_aFlores de Lemus, Isabel _951278 |
|
| 245 | 1 | 3 |
_aEl fulgor de una púrpura _b: el Cardenal Rafael Merry del Val / _cpor Isabel Flores de Lemus. |
| 260 |
_aMadrid : _bEl Perpetuo Socorro, _c1956. |
||
| 300 |
_a299 p., 24 lám. ; _c18 cm. |
||
| 600 | 1 | 7 |
_aMerry del Val, Rafael, _d1865-1930 _2 _9151101 |
| 852 |
_aES-MaACL _jC-10639 _bR.38434 |
||
| 999 |
_c64321 _d64321 |
||